North America and Oceania - Sudden Death - Statistics

General Stats
  • This quiz has been taken 36 times
  • The average score is 13 of 16
Answers on the Grid
Answers color-coded by a green-red scale on the quiz's grid according to % correct below.
Antigua and Barbuda
Barbados
Cape Verde
Comoros
Cyprus
Dominica
Ecuador
El Salvador
Equatorial Guinea
Fiji
Gabon
Grenada
Guinea-Bissau
Guyana
Haiti
Honduras
Ivory Coast
Malawi
Maldives
Malta
Marshall Islands
Micronesia
Nepal
Nicaragua
Panama
Papua New Guinea
Saint Lucia
San Marino
São Tomé and Príncipe
Solomon Islands
Tanzania
Tuvalu
 
Answer Stats
Answer % Correct
North America Barbados
97%
Oceania Papua New Guinea
90%
North America Antigua and Barbuda
86%
Oceania Fiji
86%
Oceania Micronesia
86%
North America Panama
83%
North America Dominica
79%
Oceania Marshall Islands
79%
Oceania Solomon Islands
79%
North America El Salvador
76%
North America Honduras
76%
Oceania Tuvalu
76%
North America Haiti
72%
North America Nicaragua
72%
North America Saint Lucia
72%
North America Grenada
69%
No matching quizzes found
Score Distribution
Percent of People with Each Score
Percentile by Number Answered
Your Score History
You have not taken this quiz